Statistics for Caribbean Countries

Click here to take the quiz!

General Stats

  • This quiz has been taken 21 times
  • The average score is 12 of 13

Answer Stats

Answer% Correct
Dominican Republic
100%
Haiti
100%
Antigua and Barbuda
92%
Barbados
92%
Cuba
92%
Dominica
92%
Jamaica
92%
St Kitts and Nevis
92%
The Bahamas
92%
Grenada
85%
Saint Lucia
85%
Saint Vincent and the Grenadines
85%
Trinidad and Tobago
85%

Score Distribution

Percentile by Number Answered

Percent of People with Each Score

Your Score History

You have not taken this quiz